載入...

HBR Guide to Performance Management

書目詳細資料
主要作者: HBR
格式: Printed Book
出版: Harward Business School 2017
LEADER 00453nam a2200193 4500
020
082 |a 158 HBR-SC 
100 |a HBR 
245 |a HBR Guide to Performance Management 
250
260 |a Harward Business School  |c 2017 
300
490
500
590
650
942 |c BK 
999 |c 117479  |d 117479 
952 |0 0  |1 0  |4 0  |6 158_000000000000000_HBRSC  |7 0  |9 130946  |a ECN  |b ECN  |l 0  |o 158 HBR-SC  |p ECN14534  |r 2019-09-25  |w 2019-09-25  |y BK